| 000 | 01019nam a22004210a 4500 | ||
|---|---|---|---|
| 001 | UByD001281 | ||
| 003 | AR-LpoUNG | ||
| 005 | 20230104100006.0 | ||
| 008 | 221223s1977||||sp |||||||||||||||||spa d | ||
| 020 | _a843077002x | ||
| 040 |
_aAR-LpoUNG _bspa _cAR-LpoUNG _eaacr |
||
| 041 | 0 | _aspa | |
| 044 | _asp | ||
| 082 | 0 | _aR911.46 855atl | |
| 100 | 1 | _aVivens, Vicens J. | |
| 245 | 1 | 0 | _aAtlas de historia de España |
| 250 | _a1ra. ed. | ||
| 260 |
_aBarcelona : _bTeide, _c1977. |
||
| 300 |
_a40 p. : _bil., tbls. mapas. |
||
| 650 | 4 | _aHISTORIA | |
| 650 | 4 | _aCARTOGRAFIA | |
| 650 | 4 | _aCULTURA | |
| 650 | 4 | _aGEOGRAFIA | |
| 650 | 4 | _aHISTORIA EUROPEA | |
| 650 | 4 | _aHISTORIA POLITICA | |
| 650 | 4 | _aHISTORIA ECONOMICA | |
| 650 | 4 | _aMAPAS | |
| 650 | 4 | _aREVOLUCION | |
| 650 | 4 | _aSISTEMAS POLITICOS | |
| 650 | 4 | _aESPAÑA | |
| 650 | 4 | _aCOLONIALISMO | |
| 650 | 4 | _aGUERRA | |
| 650 | 4 | _aMONARQUIA | |
| 650 | 4 | _aHISTORIA SOCIAL | |
| 650 | 4 | _aPOBLACION | |
| 905 | _a35618 | ||
| 942 |
_cLSALA _2ddc |
||
| 999 |
_c63854 _d63854 |
||